Smithsonian scientific series (Record no. 4859)

MARC details
000 -CABECERA
campo de control de longitud fija 01320nam a2200265 a 4500
001 - NÚMERO DE CONTROL
campo de control BRCA_5165
005 - FECHA Y HORA DE LA ÚLTIMA TRANSACCIÓN
campo de control 20190320204952.0
008 - DATOS DE LONGITUD FIJA--INFORMACIÓN GENERAL
campo de control de longitud fija 770503s1938 nyuabc####---#000-0#eng-#
041 ## - CÓDIGO DE LENGUA
Código de lengua del texto/banda sonora o título independiente eng
044 ## - CÓDIGO DEL PAÍS DE LA ENTIDAD EDITORA/PRODUCTORA
Código MARC del país nyu
050 #4 - SIGNATURA TOPOGRÁFICA DE LA BIBLIOTECA DEL CONGRESO
Número de clasificación Q11
Número de documento/Ítem .S65 1938
245 10 - MENCIÓN DE TÍTULO
Título Smithsonian scientific series
Mención de responsabilidad, etc. editor-in-chief Charles Greeley Abbot.
260 ## - PUBLICACIÓN, DISTRIBUCIÓN, ETC.
Lugar de publicación, distribución, etc. Nueva York
Nombre del editor, distribuidor, etc. Smithsonian Institution Series
Fecha de publicación, distribución, etc. 1938
300 ## - DESCRIPCIÓN FÍSICA
Extensión 12 v.
Otras características físicas il. (algunas a color), láminas, retratos, mapas, diagramas
Dimensiones 23 cm.
500 ## - NOTA GENERAL
Nota general Incluye índice alfabético
500 ## - NOTA GENERAL
Nota general Copia registrada e impresa a nombre de Franz Mayer
500 ## - NOTA GENERAL
Nota general DD64
505 0# - NOTA DE CONTENIDO CON FORMATO
Nota de contenido con formato Contenido: v.1. Smithsonian institution. -- v.2. The sun and the welfare of man. -- v.3. Minerals from earth and sky. -- v.4. North american indians. -- v.5. Insects: their ways and means of living. -- v.6. Wild animals in and out of the zoo. -- v.7. Man from the farthest past. -- v.8. Cold-blooded vertebrates. -- v.9. Warm-blooded vertebrates. -- v.10. Shelled invertebrates. -- v.11. Old and new plant lore. -- v.12. Great inventions
610 24 - PUNTO DE ACCESO ADICIONAL DE MATERIA--NOMBRE DE ENTIDAD CORPORATIVA
Nombre de entidad corporativa o nombre de jurisdicción como elemento de entrada Smithsonian Institution
9 (RLIN) 13209
650 14 - PUNTO DE ACCESO ADICIONAL DE MATERIA--TÉRMINO DE MATERIA
Término de materia o nombre geográfico como elemento de entrada Sociedades científicas
Subdivisión geográfica Estados Unidos
9 (RLIN) 13210
650 14 - PUNTO DE ACCESO ADICIONAL DE MATERIA--TÉRMINO DE MATERIA
Término de materia o nombre geográfico como elemento de entrada Ciencias
Subdivisión general Sociedades científicas
9 (RLIN) 13211
700 1# - PUNTO DE ACCESO ADICIONAL--NOMBRE DE PERSONA
Nombre de persona Greeley Abbot, Charles
Término indicativo de función/relación Editor
9 (RLIN) 13212
902 ## - CATALOGADOR
Iniciales GFM
942 ## - ELEMENTOS DE PUNTO DE ACCESO ADICIONAL (KOHA)
Fuente del sistema de clasificación o colocación Library of Congress Classification
Tipo de ítem Koha Libros
Holdings
Estado de retiro Estado de pérdida Estado dañado No para préstamo Localización permanente Ubicación/localización actual Fecha de adquisición Número de inventario Total de préstamos Signatura topográfica completa Código de barras Fecha visto por última vez Precio válido a partir de Tipo de ítem Koha
El ejemplar forma parte de la colección y puede ser consultado según las políticas vigentes.       Biblioteca del Museo Franz Mayer (Rogerio Casas-Alatriste) Biblioteca del Museo Franz Mayer (Rogerio Casas-Alatriste) 23/11/2010 DD64   Q11 .S65 1938 (DD64) 5509 22/03/2019 22/03/2019 Libros